000 00203nam a2200109Ia 4500
100 _aMicrosoft
942 _cBK
245 _aMICROSOFT WINDOWS 3.1.
260 _b#N/A
546 _aENGLISH
999 _c33138
_d33138